Statistics for WWE Superstars

Click here to take the quiz!

General Stats

  • This quiz has been taken 237 times
  • The average score is 16 of 20

Answer Stats

HintSUPERSTAR% Correct
Rated R SuperstarEdge
99%
You Can't See MeJohn Cena
98%
The AnimalBatista
95%
YES! YES! YES!Daniel Bryan
95%
World's Strongest ManMark Henry
93%
AWESOME!The Miz
92%
The ViperRandy Orton
91%
The Beast IncarnateBrock Lesnar
90%
Devil's Favorite DemonKane
90%
The PhenomUndertaker
90%
619Rey Mysterio
84%
Celtic WarriorSheamus
84%
King of KingsTriple H
84%
The Most Electrifying ManThe Rock
81%
Mr. WrestleManiaShawn Michaels
75%
WHAT!Stone Cold Steve Austin
69%
BOOM! BOOM! BOOM!Kofi Kingston
63%
WOO! WOO! WOO!Zack Ryder
56%
Mr. Monday NightRob van Dam
45%
Wrestling GodJBL
18%

Score Distribution

Percentile by Number Answered

Percent of People with Each Score

Your Score History

You have not taken this quiz